<?xml version="1.0" encoding="UTF-8"?>
<record
    xmlns:xsi="http://www.w3.org/2001/XMLSchema-instance"
    xsi:schemaLocation="http://www.loc.gov/MARC21/slim http://www.loc.gov/standards/marcxml/schema/MARC21slim.xsd"
    xmlns="http://www.loc.gov/MARC21/slim">

  <leader>01728nam a2200397 i 4500</leader>
  <controlfield tag="001">194651</controlfield>
  <controlfield tag="003">SpMaBN</controlfield>
  <controlfield tag="005">20241211133500.0</controlfield>
  <controlfield tag="007">ta</controlfield>
  <controlfield tag="008">240510s1854    sp     | |||| 000 0 spa  </controlfield>
  <datafield tag="016" ind1="7" ind2=" ">
    <subfield code="a">bimoBNE19993949612</subfield>
    <subfield code="z">IND9300556564</subfield>
    <subfield code="2">SpMaBN</subfield>
  </datafield>
  <datafield tag="035" ind1=" " ind2=" ">
    <subfield code="a">(OCoLC)48289265</subfield>
  </datafield>
  <datafield tag="035" ind1=" " ind2=" ">
    <subfield code="a">bimo0001144097</subfield>
  </datafield>
  <datafield tag="040" ind1=" " ind2=" ">
    <subfield code="a">SpMaBN</subfield>
    <subfield code="b">spa</subfield>
    <subfield code="c">A2</subfield>
    <subfield code="d">SpMaBN</subfield>
    <subfield code="e">ES-MaACL</subfield>
  </datafield>
  <datafield tag="080" ind1=" " ind2=" ">
    <subfield code="a">94(460)</subfield>
  </datafield>
  <datafield tag="100" ind1="1" ind2=" ">
    <subfield code="a">Mariana, Juan de,</subfield>
    <subfield code="d">1536-1624</subfield>
    <subfield code="0">XX1120693</subfield>
    <subfield code="9">76675</subfield>
  </datafield>
  <datafield tag="245" ind1="1" ind2="0">
    <subfield code="a">Obras del padre Juan de Mariana /</subfield>
    <subfield code="c">colecci&#xF3;n dispuesta y revisada, con un discurso preliminar, por F.P. y M.</subfield>
  </datafield>
  <datafield tag="260" ind1=" " ind2=" ">
    <subfield code="a">Madrid :</subfield>
    <subfield code="b">M. Rivadeneyra,</subfield>
    <subfield code="c">1854.</subfield>
  </datafield>
  <datafield tag="300" ind1=" " ind2=" ">
    <subfield code="a">2 v. (LII, 534; 632 p.) ;</subfield>
    <subfield code="c">26 cm</subfield>
  </datafield>
  <datafield tag="336" ind1=" " ind2=" ">
    <subfield code="a">Texto (visual)</subfield>
    <subfield code="2">isbdcontent</subfield>
  </datafield>
  <datafield tag="337" ind1=" " ind2=" ">
    <subfield code="a">sin mediaci&#xF3;n</subfield>
    <subfield code="2">isbdmedia</subfield>
  </datafield>
  <datafield tag="338" ind1=" " ind2=" ">
    <subfield code="2">rdacarrier</subfield>
    <subfield code="a">volumen</subfield>
  </datafield>
  <datafield tag="490" ind1="1" ind2=" ">
    <subfield code="a">Biblioteca de autores espa&#xF1;oles, desde la formaci&#xF3;n del lenguaje hasta nuestros d&#xED;as ;</subfield>
    <subfield code="v">30-31</subfield>
  </datafield>
  <datafield tag="500" ind1=" " ind2=" ">
    <subfield code="a">Catalogaci&#xF3;n provisional. DB-40-41. Despachos-Biblioteca</subfield>
  </datafield>
  <datafield tag="530" ind1=" " ind2=" ">
    <subfield code="a">Disponible en formato digital</subfield>
  </datafield>
  <datafield tag="651" ind1=" " ind2="4">
    <subfield code="a">Espa&#xF1;a-</subfield>
    <subfield code="x">Historia</subfield>
    <subfield code="2">embne</subfield>
    <subfield code="9">8209</subfield>
  </datafield>
  <datafield tag="700" ind1="1" ind2=" ">
    <subfield code="a">Pi y Margall, Francisco,</subfield>
    <subfield code="d">1824-1901</subfield>
    <subfield code="0">http://datos.bne.es/resource/XX1026522</subfield>
    <subfield code="9">91732</subfield>
  </datafield>
  <datafield tag="830" ind1=" " ind2=" ">
    <subfield code="a">Biblioteca de autores espa&#xF1;oles, desde la formaci&#xF3;n del lenguaje hasta nuestros d&#xED;as ;</subfield>
    <subfield code="9">236320</subfield>
    <subfield code="v">30-31</subfield>
  </datafield>
  <datafield tag="852" ind1=" " ind2=" ">
    <subfield code="a">ES-MaACL</subfield>
    <subfield code="c">SPB</subfield>
    <subfield code="j">B-11157</subfield>
    <subfield code="p">v.1</subfield>
    <subfield code="9">202281</subfield>
  </datafield>
  <datafield tag="852" ind1=" " ind2=" ">
    <subfield code="a">ES-MaACL</subfield>
    <subfield code="c">SPB</subfield>
    <subfield code="j">B-11158</subfield>
    <subfield code="p">v.2</subfield>
    <subfield code="9">202282</subfield>
  </datafield>
  <datafield tag="856" ind1="4" ind2="1">
    <subfield code="u">http://bdh-rd.bne.es/viewer.vm?id=0000147263&amp;page=1</subfield>
    <subfield code="y">Versi&#xF3;n en l&#xED;nea</subfield>
    <subfield code="z">(Biblioteca Digital Hisp&#xE1;nica)</subfield>
  </datafield>
  <datafield tag="942" ind1=" " ind2=" ">
    <subfield code="n">0</subfield>
    <subfield code="c">MONANT</subfield>
  </datafield>
  <datafield tag="999" ind1=" " ind2=" ">
    <subfield code="c">194651</subfield>
    <subfield code="d">194651</subfield>
  </datafield>
  <datafield tag="952" ind1=" " ind2=" ">
    <subfield code="0">0</subfield>
    <subfield code="1">0</subfield>
    <subfield code="2">udc</subfield>
    <subfield code="4">0</subfield>
    <subfield code="7">0</subfield>
    <subfield code="8">LIBXIX</subfield>
    <subfield code="a">ATENEOM</subfield>
    <subfield code="b">ATENEOM</subfield>
    <subfield code="c">SPB</subfield>
    <subfield code="d">2024-05-10</subfield>
    <subfield code="e">COMPRA</subfield>
    <subfield code="h">t.1</subfield>
    <subfield code="l">0</subfield>
    <subfield code="o">B-11157</subfield>
    <subfield code="p">101227485</subfield>
    <subfield code="r">2024-05-10 00:00:00</subfield>
    <subfield code="w">2024-05-10</subfield>
    <subfield code="y">MONANT</subfield>
  </datafield>
  <datafield tag="952" ind1=" " ind2=" ">
    <subfield code="0">0</subfield>
    <subfield code="1">0</subfield>
    <subfield code="2">udc</subfield>
    <subfield code="4">0</subfield>
    <subfield code="7">0</subfield>
    <subfield code="8">LIBXIX</subfield>
    <subfield code="a">ATENEOM</subfield>
    <subfield code="b">ATENEOM</subfield>
    <subfield code="c">SPB</subfield>
    <subfield code="d">2024-05-10</subfield>
    <subfield code="e">COMPRA</subfield>
    <subfield code="h">t.2</subfield>
    <subfield code="l">0</subfield>
    <subfield code="o">B-11158</subfield>
    <subfield code="p">101227484</subfield>
    <subfield code="r">2024-05-10 00:00:00</subfield>
    <subfield code="w">2024-05-10</subfield>
    <subfield code="y">MONANT</subfield>
  </datafield>
</record>
